| 000 | 00390cam a22001097a 4500 | ||
|---|---|---|---|
| 008 | 180718b1955 xxu||||| |||| 00| 0 eng d | ||
| 082 | _aW2x42 Un3l | ||
| 245 |
_aReport of the committee of inquiry into London transport _cby Ministry of Transport, United Kingdom |
||
| 260 |
_aLondon _bHer Majesty's Stationery Office _c1955 |
||
| 300 | _a121+p. | ||
| 700 | _aUnited Kingdom. Ministry of Transport | ||
| 999 |
_c424873 _d424873 |
||